Predicting and changing behavior : (Record no. 19713)

MARC details
000 -LEADER
fixed length control field 01707cam a2200349 a 4500
001 - CONTROL NUMBER
control field 15766496
003 - CONTROL NUMBER IDENTIFIER
control field OSt
005 - DATE AND TIME OF LATEST TRANSACTION
control field 20221028090706.0
008 - FIXED-LENGTH DATA ELEMENTS--GENERAL INFORMATION
fixed length control field 090608s2010 nyua b 001 0 eng
010 ## - LIBRARY OF CONGRESS CONTROL NUMBER
LC control number 2009020871
020 ## - INTERNATIONAL STANDARD BOOK NUMBER
International Standard Book Number 0805859249
035 ## - SYSTEM CONTROL NUMBER
System control number (OCoLC)ocn298181958
040 ## - CATALOGING SOURCE
Original cataloging agency DLC
Transcribing agency DLC
Modifying agency BTCTA
-- YDXCP
-- C#P
-- BWX
-- CDX
-- NLGGC
-- IOJ
-- OHS
-- HEBIS
-- DLC
050 00 - LIBRARY OF CONGRESS CALL NUMBER
Classification number BF637.B4
Item number F57 2010
082 00 - DEWEY DECIMAL CLASSIFICATION NUMBER
Classification number 153.8/5
Edition number 22
084 ## - OTHER CLASSIFICATION NUMBER
Classification number 77.60
Number source bcl
100 1# - MAIN ENTRY--PERSONAL NAME
Personal name Fishbein, Martin.
245 10 - TITLE STATEMENT
Title Predicting and changing behavior :
Remainder of title the reasoned action approach /
Statement of responsibility, etc. Martin Fishbein, & Icek Ajzen.
260 ## - PUBLICATION, DISTRIBUTION, ETC. (IMPRINT)
Place of publication, distribution, etc. New York :
Name of publisher, distributor, etc. Psychology Press,
Date of publication, distribution, etc. 2010.
300 ## - PHYSICAL DESCRIPTION
Extent xix, 518 p. :
Other physical details ill. ;
Dimensions 24 cm.
504 ## - BIBLIOGRAPHY, ETC. NOTE
Bibliography, etc Includes bibliographical references (p. 411-448) and indexes.
505 0# - FORMATTED CONTENTS NOTE
Formatted contents note Defining and predicting behavior -- Attitudes and their determinants -- Perceived norms and their determinants -- Perceived behavioral control and its determinants -- Attitudes, norms and control as predictors of intentions and behavior -- Background factors and origins of beliefs -- General attitudes and the prediction of behavior -- Challenges to the reasoned action approach -- Changing behavior : theoretical considerations --Changing behavior : sample interventions -- Appendix: Constructing a reasoned action questionnaire.
650 #0 - SUBJECT ADDED ENTRY--TOPICAL TERM
Topical term or geographic name as entry element Behavior modification.
650 #0 - SUBJECT ADDED ENTRY--TOPICAL TERM
Topical term or geographic name as entry element Expectation (Psychology)
650 #0 - SUBJECT ADDED ENTRY--TOPICAL TERM
Topical term or geographic name as entry element Human behavior.
650 12 - SUBJECT ADDED ENTRY--TOPICAL TERM
Topical term or geographic name as entry element Behavior Therapy.
650 22 - SUBJECT ADDED ENTRY--TOPICAL TERM
Topical term or geographic name as entry element Social Behavior.
700 1# - ADDED ENTRY--PERSONAL NAME
Personal name Ajzen, Icek.
906 ## - LOCAL DATA ELEMENT F, LDF (RLIN)
a 7
b cbc
c orignew
d 1
e ecip
f 20
g y-gencatlg
942 ## - ADDED ENTRY ELEMENTS (KOHA)
Source of classification or shelving scheme Library of Congress Classification
Koha item type General Collection
Holdings
Withdrawn status Lost status Source of classification or shelving scheme Not for loan Home library Current library Date acquired Cost, normal purchase price Total Checkouts Full call number Barcode Date last seen Price effective from Koha item type
    Library of Congress Classification   Kabarak, Main Campus Kabarak, Main Campus 28/10/2022 5665.00   BF637.B4 F57 2010 c.1 032356 02/08/2024 28/10/2022 General Collection
Designed with assistance from East African Informatics Ltd